TOURISM ENVIRONMENT AND DEVELOPMENT (Record no. 13672)

MARC details
000 -LEADER
fixed length control field 00263nam a22001217a 4500
003 - CONTROL NUMBER IDENTIFIER
control field SGT
082 ## - DEWEY DECIMAL CLASSIFICATION NUMBER
Item number NIG
100 ## - MAIN ENTRY--PERSONAL NAME
Personal name NIGAM, DEVESH
245 ## - TITLE STATEMENT
Title TOURISM ENVIRONMENT AND DEVELOPMENT
260 ## - PUBLICATION, DISTRIBUTION, ETC. (IMPRINT)
Name of publisher, distributor, etc A MITTAL BOOK PUBLISHER
Year of Publication 2002
300 ## - PAGE DESCRIPTION
No. of Pages 176
942 ## - ADDED ENTRY ELEMENTS (KOHA)
Source of classification or shelving scheme Dewey Decimal Classification
Koha item type Books
Holdings
Withdrawn status Lost status Source of classification or shelving scheme Damaged status Not for loan Collection code Home library Current library Shelving location Date acquired SGTU Total Checkouts Full call number Accession No. (Barcode) Date last seen Bill Date Koha item type
    Dewey Decimal Classification     HOTEL MANAGEMENT SGT Science & Social Sciences Library SGT Science & Social Sciences Library Text Book 06/10/2017 SGTU   NIG HM821 06/10/2017 06/10/2017 Books